00454nam a2200121 4500008001300000020001800013082001800031100001900049245006700068260005400135300003300189650011000222740.92 T757e a9788568409022 a740.92bT757e aTozzi, Claudio aEmblema da Cultura Brasilera:bRetrospectiva da obra gráfica aCuritibabQuatrocantos escritório de Artec2019 a80 p.bil. (col)c20 x 21 cm xarte contemporáneoxarte - obra gráficaxarte - exhibicionesxarte - BrasilxTozzi, Claudio - artista